[Event "Steyr Landesliga 1920"]
[Site "Austria"]
[Date "2019.10.19"]
[Round "3.8"]
[White "Zink, Manfred"]
[Black "Haas, Andreas"]
[Result "1-0"]
[WhiteElo "1738"]
[BlackElo "1178"]
[PlyCount "53"]
[EventDate "2019.09.28"]
[EventType "team-tourn"]
[EventRounds "11"]
[EventCountry "AUT"]
[SourceTitle "CBM 193 Extra"]
[Source "ChessBase"]
[SourceDate "2020.01.31"]
[SourceVersion "1"]
[SourceVersionDate "2020.01.31"]
[SourceQuality "1"]
[WhiteTeam "Trofaiach Niklasdorf"]
[BlackTeam "Feldbach Kirchberg"]
[WhiteTeamCountry "AUT"]
[BlackTeamCountry "AUT"]

1. d4 Nf6 2. Nf3 d5 3. c4 e6 4. e3 b6 5. Nc3 c5 6. Be2 Nc6 7. 0-0 Bd6 8. b3 0-0 9. Bb2 Re8 10. Rc1 Ne4 11. Qc2 f5 12. cxd5 exd5 13. Nxd5 Bxh2+ 14. Kxh2 Qxd5 15. Bc4 Qxc4 16. Qxc4+ Be6 17. Qb5 Nb4 18. a3 Nd5 19. Kg1 f4 20. exf4 Nxf4 21. Rfe1 Bg4 22. dxc5 Nf6 23. Qc4+ N6d5 24. Qb5 Kf8 25. Rxe8+ Rxe8 26. Re1 Rxe1+ 27. Nxe1 1-0